Name All Big 4 Sports Teams - Statistics

General Stats
  • This quiz has been taken 186 times
  • The average score is 93 of 124
Answer Stats
Answer % Correct
Jets
92%
Panthers
92%
49ers
91%
Falcons
89%
Giants
89%
Packers
89%
Rams
89%
Broncos
88%
Lions
88%
Patriots
88%
Bears
87%
Chiefs
87%
Cowboys
87%
Eagles
87%
Bills
85%
Raiders
85%
Ravens
85%
Seahawks
85%
Steelers
85%
Hawks
84%
Knicks
84%
Reds
84%
Saints
84%
Vikings
84%
Avalanche
83%
Browns
83%
Cardinals
83%
Commanders
83%
Heat
83%
Bengals
81%
Bucks
81%
Chargers
81%
Dolphins
81%
Texans
81%
76ers
80%
Buccaneers
80%
Celtics
80%
Jaguars
80%
Lakers
80%
Rangers
80%
Warriors
80%
Kings
79%
Yankees
79%
Athletics
77%
Colts
77%
Jazz
77%
Mets
77%
Raptors
77%
Titans
77%
Magic
76%
Wizards
76%
Dodgers
75%
Nets
75%
Red Sox
75%
Thunder
75%
Blue Jays
73%
Clippers
73%
Timberwolves
73%
Trail Blazers
73%
White Sox
73%
Blues
72%
Bulls
72%
Mavericks
72%
Pirates
72%
Tigers
72%
Wild
72%
Blackhawks
71%
Cavaliers
71%
Cubs
71%
Grizzlies
71%
Oilers
71%
Pistons
71%
Stars
71%
Braves
69%
Hornets
69%
Mariners
69%
Rays
69%
Rockets
69%
Astros
68%
Bruins
68%
Ducks
68%
Guardians
68%
Lightning
68%
Maple Leafs
68%
Nuggets
68%
Pelicans
68%
Red Wings
68%
Spurs
68%
Angels
67%
Golden Knights
67%
Orioles
67%
Suns
67%
Canucks
65%
Flyers
65%
Hurricanes
65%
Islanders
65%
Kraken
65%
Pacers
65%
Padres
65%
Predators
65%
Sharks
65%
Brewers
64%
Canadiens
64%
Penguins
64%
Royals
64%
Marlins
63%
Senators
63%
Capitals
61%
Phillies
61%
Rockies
61%
Blue Jackets
59%
Mammoth
59%
Sabres
59%
Nationals
57%
Twins
57%
Devils
56%
Diamondbacks
55%
Flames
53%
No matching quizzes found
Score Distribution
Percent of People with Each Score
Percentile by Number Answered
Your Score History
You have not taken this quiz